000 00556nam a22001817a 4500
003 CEME
005 20210628205517.0
008 210305b xxu||||| |||| 00| 0 eng d
020 _a0-19-508816-6
040 _c.
082 _a531.11 HIL'C
100 _aHilborn, Robert C
_975841
245 _aChaos and nonlinear dynamics an introduction for scientists and engineers
260 _aNEWYORK
_bOXFORD UNIVERSITY PRESS
_c1994
300 _a654P
650 _aCHAOTIC BEHAVIOR IN SYSTEM QUANTUM CHAOS DYNAMICS NONLINEAR THEORIES
_975842
942 _cBK
_2ddc
999 _c581253
_d581253